[Event "Tournoi Skype 032B"]
[Site "Skype"]
[Date "????.??.??"]
[Round "3.7"]
[White "Hernandez, Enrique"]
[Black "Barba Cepeda, Julio Cesar"]
[Result "0-1"]
[WhiteElo "1543"]
[BlackElo "1508"]
[PlyCount "86"]

1. Nf3 d6 2. d4 Nf6 3. Bf4 e6 4. Nc3 Be7 5. e4 Nbd7 6. d5 exd5 7. exd5 O-O 8.
Be2 Nc5 9. O-O Bg4 10. Ng5 Bxe2 11. Qxe2 h6 12. Nf3 Re8 13. b4 Na6 14. a3 Nh5
15. Bxh6 gxh6 16. Nd4 Nf4 17. Qg4+ Ng6 18. Nf5 Bg5 19. Ne4 Kf8 20. Nxg5 Qxg5
21. Qxg5 hxg5 22. Nh6 c6 23. dxc6 bxc6 24. Nf5 d5 25. Nd4 c5 26. bxc5 Nxc5 27.
Nf5 Ne4 28. Rad1 Rad8 29. f3 Nc3 30. Nd4 Ne2+ 31. Nxe2 Rxe2 32. c4 Re5 33. cxd5
Rexd5 34. Rc1 a5 35. Rfe1 a4 36. Re4 Rd1+ 37. Kf2 Rxc1 38. Rxa4 Ra1 39. Kg3 Rd3
40. Rg4 Rd5 41. Ra4 Kg7 42. Kg4 Ra2 43. Kg3 Rdd2 0-1

[Event "Tournoi Skype 032B"]
[Site "Skype"]
[Date "????.??.??"]
[Round "3.8"]
[White "Rosenkoetter, David"]
[Black "Mira Poveda, Jose Antonio"]
[Result "1-0"]
[WhiteElo "1505"]
[BlackElo "1542"]
[PlyCount "79"]

1. e4 e5 2. Nf3 d6 3. d4 Nd7 4. dxe5 dxe5 5. Bc4 f6 6. O-O Bc5 7. Nc3 Ne7 8.
Nh4 b6 9. Re1 a5 10. Qh5+ g6 11. Qe2 c6 12. Be3 b5 13. Be6 f5 14. exf5 gxf5 15.
Qh5+ Ng6 16. Nxg6 hxg6 17. Qxh8+ Bf8 18. Rad1 Qe7 19. Bxd7+ Bxd7 20. Bh6 O-O-O
21. Bxf8 Rxf8 22. Qh3 f4 23. Qf3 b4 24. Ne4 Bf5 25. Nd6+ Kc7 26. Nxf5 Rxf5 27.
Qb3 Rh5 28. h3 Qg5 29. Qf7+ Kb6 30. Rd7 f3 31. Rb7+ Kc5 32. Qf8+ Kc4 33. b3+
Kc3 34. Qxf3+ Kb2 35. Qd1 Rxh3 36. Qb1+ Kc3 37. Qa1+ Kxc2 38. Qb1+ Kc3 39. Rc1+
Kd4 40. Rd7# 1-0

[Event "Tournoi Skype 032B"]
[Site "Skype"]
[Date "????.??.??"]
[Round "3.9"]
[White "Battaglia, Gabriele"]
[Black "Rivalta, Paolo"]
[Result "1/2-1/2"]
[WhiteElo "1535"]
[BlackElo "1499"]
[PlyCount "53"]

1. c4 e5 2. Nc3 Nf6 3. Nf3 Nc6 4. d4 e4 5. Ng5 Bb4 6. Bd2 Bxc3 7. Bxc3 d5 8.
cxd5 Qxd5 9. Qd2 h6 10. Nh3 Bxh3 11. gxh3 O-O-O 12. Rg1 g5 13. Bg2 Rhe8 14. Qe3
Nxd4 15. Bxd4 Qxd4 16. Qxd4 Rxd4 17. e3 Rd3 18. Rd1 Red8 19. Ke2 R3d6 20. Rgf1
Rb6 21. Rb1 Rb4 22. Rfc1 h5 23. Rc2 Nd5 24. Rc5 c6 25. f3 f5 26. fxe4 fxe4 27.
Rc2 1/2-1/2

[Event "Tournoi Skype 032B"]
[Site "Skype"]
[Date "????.??.??"]
[Round "3.11"]
[White "Le Bouill, Pierre"]
[Black "Koohnavard, Neda"]
[Result "1/2-1/2"]
[WhiteElo "1534"]
[BlackElo "1481"]
[PlyCount "76"]

1. d4 e6 2. Nf3 Nc6 3. c3 Nf6 4. h3 Be7 5. Bf4 d6 6. e3 a6 7. Be2 Bd7 8. Nbd2
Rb8 9. Rb1 d5 10. O-O h6 11. Re1 Na7 12. Bd3 Bb5 13. Bxb5+ Nxb5 14. Ne5 Nd6 15.
Qf3 Nd7 16. e4 Nxe5 17. Bxe5 f6 18. Bg3 O-O 19. Qg4 f5 20. exf5 exf5 21. Qe2
Ne4 22. Nxe4 fxe4 23. Qg4 Kh8 24. Be5 Bf6 25. Rf1 Qe7 26. Rbe1 Bxe5 27. dxe5
Qxe5 28. f4 Qd6 29. f5 Qb6+ 30. Rf2 Rbe8 31. Kh2 Qd6+ 32. g3 Qe5 33. Rf4 g5 34.
Rff1 Re7 35. Qh5 Kh7 36. Qg6+ Kh8 37. Qxh6+ Kg8 38. Qxg5+ Rg7 1/2-1/2

[Event "Tournoi Skype 032B"]
[Site "Skype"]
[Date "????.??.??"]
[Round "3.13"]
[White "Solomon, Russel"]
[Black "Scata, Laura"]
[Result "1/2-1/2"]
[WhiteElo "1400"]
[BlackElo "1583"]
[PlyCount "23"]

1. Nc3 c6 2. e4 d5 3. Nf3 dxe4 4. Nxe4 Bf5 5. Ng3 Bg4 6. Bc4 Nf6 7. Ne5 Qd4 8.
Bxf7+ Kd8 9. Nxg4 Nxg4 10. O-O Nd7 11. Be6 Ngf6 12. Re1 1/2-1/2

[Event "Tournoi Skype 032B"]
[Site "Skype"]
[Date "????.??.??"]
[Round "3.14"]
[White "Mfengu, Daluthando"]
[Black "Busto, Ricardo"]
[Result "1-0"]
[WhiteElo "1483"]
[BlackElo "1585"]
[PlyCount "66"]

1. e4 c6 2. d4 d5 3. exd5 cxd5 4. Nc3 e6 5. Nf3 Nf6 6. Bf4 Bd6 7. Bb5+ Nc6 8.
Bxd6 Qxd6 9. O-O O-O 10. Re1 Ne7 11. Bd3 Qc7 12. a4 a6 13. Ne2 Nc6 14. Ng3 Bd7
15. c3 b5 16. axb5 axb5 17. Rxa8 Rxa8 18. Bxb5 Ne7 19. Bd3 Rb8 20. Qd2 Nc6 21.
Qe2 Ne7 22. Ne5 Be8 23. Ra1 Nc6 24. Nxc6 Bxc6 25. Nh5 Nxh5 26. Qxh5 g6 27. Qe2
Qe7 28. b4 Ra8 29. Rxa8+ Bxa8 30. Qa2 Qb7 31. b5 Qc7 32. Qxa8+ Kg7 33. Qc6 Qxc6
1-0

[Event "Tournoi Skype 032B"]
[Site "Skype"]
[Date "????.??.??"]
[Round "3.16"]
[White "Gomez Zuluaga, Jorge Adiel"]
[Black "Sauvaget, Joel"]
[Result "1-0"]
[WhiteElo "1468"]
[BlackElo "1553"]
[PlyCount "59"]

1. d4 d5 2. c4 dxc4 3. Qa4+ c6 4. Qxc4 e6 5. e3 Nf6 6. Nc3 Nbd7 7. Nf3 Nb6 8.
Qd3 h6 9. Be2 Be7 10. e4 O-O 11. Bf4 Bd7 12. Ne5 Be8 13. Rd1 Qc8 14. h4 c5 15.
Qg3 Kh8 16. d5 exd5 17. exd5 Nbd7 18. Nc4 Nb6 19. Nd6 Bxd6 20. Bxd6 Rg8 21. Be7
Nbd7 22. d6 Nf8 23. Bc4 a6 24. O-O b5 25. Be2 c4 26. Bf3 Ra7 27. Rfe1 N6d7 28.
Qh3 Ng6 29. Bh5 Nf6 30. Qxc8 1-0

[Event "Tournoi Skype 032B"]
[Site "Skype"]
[Date "????.??.??"]
[Round "3.17"]
[White "Codina, Teresa"]
[Black "Davanzo, Luca"]
[Result "1-0"]
[WhiteElo "1548"]
[BlackElo "1400"]
[PlyCount "53"]

1. d4 d5 2. Nf3 e6 3. b3 Nf6 4. Bb2 c6 5. e3 Nbd7 6. Bd3 Bd6 7. O-O O-O 8. Nbd2
b6 9. Re1 Re8 10. e4 dxe4 11. Nxe4 Nxe4 12. Bxe4 Qc7 13. g3 Ba6 14. Kg2 h6 15.
c4 Re7 16. Rc1 c5 17. Bxa8 Qc8 18. Be4 Nf6 19. Bd3 g6 20. d5 e5 21. Nxe5 Kg7
22. Qf3 Bb7 23. Ng4 Re8 24. Nxf6 Rxe1 25. Rxe1 a6 26. Ne8+ Kh7 27. Qxf7# 1-0

[Event "Tournoi Skype 032B"]
[Site "Skype"]
[Date "????.??.??"]
[Round "3.20"]
[White "Saglam, Derya"]
[Black "Malbec, Robert"]
[Result "1/2-1/2"]
[WhiteElo "1400"]
[BlackElo "1503"]
[PlyCount "75"]

1. e4 e5 2. Nf3 Nc6 3. Bc4 Bc5 4. O-O Nf6 5. Re1 d6 6. c3 Bg4 7. h3 Bh5 8. g4
Bg6 9. d4 exd4 10. cxd4 Bb4 11. Re2 O-O 12. e5 dxe5 13. Nxe5 Nxe5 14. Rxe5 Bd6
15. Re1 h6 16. Nc3 Bb4 17. g5 Ne4 18. gxh6 Nxc3 19. bxc3 Bxc3 20. Ba3 Re8 21.
Rxe8+ Qxe8 22. Rc1 Ba5 23. hxg7 Qd7 24. Qg4 Qxg4+ 25. hxg4 Kxg7 26. d5 Rd8 27.
Rd1 c6 28. d6 b5 29. Bb3 Rd7 30. Kg2 f6 31. Bb2 Bf7 32. g5 Bxb3 33. axb3 Bb4
34. Bxf6+ Kf7 35. Be5 Ke6 36. f4 Bxd6 37. Re1 Kf5 38. Kf3 1/2-1/2

[Event "Tournoi Skype 032B"]
[Site "Skype"]
[Date "????.??.??"]
[Round "3.25"]
[White "Hargez, Dany"]
[Black "Ibanez, Bittor"]
[Result "0-1"]
[WhiteElo "1578"]
[BlackElo "1440"]
[PlyCount "70"]

1. e4 e5 2. d4 exd4 3. Nf3 Nc6 4. Bc4 d6 5. Nc3 dxc3 6. bxc3 Bg4 7. O-O Bxf3 8.
Qxf3 Ne5 9. Bxf7+ Nxf7 10. c4 Ne5 11. Qh5+ g6 12. Qd1 Bg7 13. Bb2 Nf3+ 14. Qxf3
Bxb2 15. Rab1 Qf6 16. Qb3 Ne7 17. Rxb2 b6 18. Rbb1 O-O 19. Rbe1 c5 20. Re3 Rf7
21. Rf3 Qe5 22. Rxf7 Kxf7 23. Qf3+ Kg7 24. Qg4 Rf8 25. Qd7 a5 26. Qa7 Qxe4 27.
Qxb6 Qxc4 28. Qxd6 Nf5 29. Qd1 Nd4 30. Qa1 Kg8 31. Qe1 Nxc2 32. Qxa5 Ne3 33.
Rb1 Qc2 34. Re1 Qxf2+ 35. Kh1 Qxg2# 0-1

[Event "Tournoi Skype 032B"]
[Site "Skype"]
[Date "????.??.??"]
[Round "3.27"]
[White "Ponz Lazaro, Ruperto"]
[Black "Bledsoe, Megan"]
[Result "0-1"]
[WhiteElo "1558"]
[BlackElo "1436"]
[PlyCount "62"]

1. d4 Nf6 2. Nf3 d5 3. e3 Bf5 4. Ne5 e6 5. g4 Bg6 6. h4 h6 7. Nxg6 fxg6 8. Bd3
Ne4 9. Nc3 Bb4 10. Bd2 Bxc3 11. bxc3 Rf8 12. f3 Nxd2 13. Bxg6+ Ke7 14. Kxd2 Qd6
15. f4 Nc6 16. Qe2 Na5 17. Bd3 Nc4+ 18. Bxc4 dxc4 19. Qxc4 Rac8 20. Qb4 c5 21.
Qxb7+ Rc7 22. Qe4 cxd4 23. Qxd4 e5 24. Qxd6+ Kxd6 25. Raf1 Rfc8 26. fxe5+ Kxe5
27. Rb1 Rxc3 28. Rb2 Ke4 29. Rh3 g5 30. hxg5 hxg5 31. Rf3 Kxf3 0-1

[Event "Tournoi Skype 032B"]
[Site "Skype"]
[Date "????.??.??"]
[Round "3.38"]
[White "Mascarenhas, Marco"]
[Black "Linares Vernet, Ana"]
[Result "0-1"]
[WhiteElo "1400"]
[BlackElo "1485"]
[PlyCount "88"]

1. e4 e6 2. d4 d5 3. Nd2 dxe4 4. Nxe4 c6 5. Nf3 Nd7 6. Be2 Ngf6 7. O-O Be7 8.
Bd3 Nxe4 9. Bxe4 Nf6 10. Bd3 O-O 11. Bg5 Nd5 12. Bxe7 Qxe7 13. Re1 Re8 14. h4
Nf4 15. Be4 Qb4 16. b3 a6 17. Qc1 Nh5 18. c3 Qe7 19. Ng5 Nf6 20. Bf3 h6 21. Nh3
Qd6 22. Nf4 a5 23. Nh5 Nxh5 24. Bxh5 c5 25. Qd2 cxd4 26. cxd4 Bd7 27. b4 axb4
28. Re3 Qb6 29. Rf3 Rf8 30. Rg3 Qd6 31. Qxh6 g6 32. Bxg6 fxg6 33. Rxg6+ Kf7 34.
Rg7+ Ke8 35. Qg6+ Kd8 36. h5 Qxd4 37. Rf1 Kc7 38. Qg3+ e5 39. Rc1+ Kb6 40. Rc7
Kxc7 41. h6 Rxa2 42. h7 Ra1+ 43. Kh2 Rh8 44. Qg6 Qh4# 0-1

[Event "Tournoi Skype 032B"]
[Site "Skype"]
[Date "????.??.??"]
[Round "3.49"]
[White "Marroquin Mayhua, Silvia"]
[Black "Rodgerson, Michael"]
[Result "1-0"]
[WhiteElo "1519"]
[BlackElo "1307"]
[PlyCount "51"]

1. d4 d5 2. c3 Nf6 3. Nd2 e6 4. Ngf3 Bd7 5. e3 e5 6. dxe5 Qe7 7. exf6 Qxf6 8.
Be2 Bf5 9. Nd4 Nd7 10. Bf3 O-O-O 11. Bxd5 c6 12. Be4 Bxe4 13. Nxe4 Re8 14. Nxf6
Nxf6 15. Nf5 Re4 16. f3 Re5 17. g4 Bc5 18. O-O g6 19. f4 Re4 20. Nd6+ Kd7 21.
Nxe4+ Ke7 22. Nxc5 b6 23. Na4 b5 24. Nc5 Rb8 25. b4 g5 26. fxg5 1-0

[Event "Tournoi Skype 032B"]
[Site "Skype"]
[Date "????.??.??"]
[Round "3.50"]
[White "Abate, Luigi"]
[Black "Viatge, Fabrice"]
[Result "1-0"]
[WhiteElo "1506"]
[BlackElo "1400"]
[PlyCount "59"]

1. d4 g6 2. e4 Bg7 3. Nf3 d6 4. c3 Nf6 5. Nbd2 O-O 6. Bc4 c5 7. d5 Nbd7 8. h3
a6 9. O-O b5 10. Bd3 c4 11. Bc2 Nc5 12. a4 Bd7 13. Re1 Qe8 14. a5 Qc8 15. Nd4
Nh5 16. Qf3 Be5 17. Nb1 Ng7 18. Bf4 f6 19. b3 Bxf4 20. Qxf4 Nd3 21. Bxd3 cxd3
22. Qf3 f5 23. e5 Qc5 24. e6 Bc8 25. Nc6 Re8 26. Qxd3 Bb7 27. Qf3 Rac8 28. b4
Qc4 29. Na3 Qb3 30. Reb1 1-0

[Event "Tournoi Skype 032B"]
[Site "Skype"]
[Date "????.??.??"]
[Round "3.52"]
[White "Baker, Abi"]
[Black "Samudio Villarreal, Eduardo"]
[Result "1-0"]
[WhiteElo "1438"]
[BlackElo "1379"]
[PlyCount "59"]

1. g3 d5 2. Bg2 c6 3. f4 e5 4. fxe5 Bd7 5. Nf3 Ne7 6. d4 Nf5 7. Bg5 Be7 8. Qd2
h6 9. h4 Na6 10. a3 Nc7 11. Nc3 Nxg3 12. Rh2 a6 13. O-O-O hxg5 14. Nxg5 Bxg5
15. hxg5 Rxh2 16. Rg1 Qe7 17. Bf3 O-O-O 18. Rxg3 Rdh8 19. Kb1 Bf5 20. Na4 Rg2
21. Bxg2 Be4 22. Bxe4 dxe4 23. Nc5 Rh1+ 24. Ka2 b6 25. Nxe4 Qe8 26. Nd6+ Kd8
27. Nxe8 Kxe8 28. Qc3 f5 29. Qxc6+ Kd8 30. Qxh1 1-0

[Event "Tournoi Skype 032B"]
[Site "Skype"]
[Date "????.??.??"]
[Round "3.63"]
[White "Guzman Diaz, Valeria"]
[Black "Alcaraz Acosta, Luisa Montserrat"]
[Result "0-1"]
[WhiteElo "1400"]
[BlackElo "1382"]
[PlyCount "32"]

1. e4 e5 2. Bd3 Nf6 3. Nf3 Nc6 4. O-O Bc5 5. Re1 d6 6. Re2 Bg4 7. a3 O-O 8. b4
Bb6 9. Bb2 Nh5 10. c4 Nf4 11. Re3 Bxe3 12. Bc2 Bb6 13. h3 Bxf3 14. gxf3 Qg5+
15. Kf1 Qg2+ 16. Ke1 Qg1# 0-1

[Event "Tournoi Skype 032B"]
[Site "Skype"]
[Date "????.??.??"]
[Round "4.1"]
[White "Barba Cepeda, Julio Cesar"]
[Black "Castanha, Marco"]
[Result "0-1"]
[WhiteElo "1508"]
[BlackElo "1547"]
[PlyCount "84"]

1. e4 e5 2. Nf3 Nc6 3. Bb5 Bc5 4. c3 d6 5. d4 exd4 6. cxd4 Bb4+ 7. Kf1 a6 8.
Bxc6+ bxc6 9. Qa4 Bc5 10. dxc5 dxc5 11. Nc3 Bd7 12. Be3 Ne7 13. Bxc5 O-O 14. g3
Re8 15. Bxe7 Qxe7 16. Kg2 c5 17. Qa5 Bc6 18. Rhe1 Bb7 19. Nd5 Bxd5 20. exd5 Qd6
21. Rxe8+ Rxe8 22. Rd1 h5 23. Qd2 f6 24. Re1 Rd8 25. Re6 Qd7 26. Nh4 Qxe6 27.
dxe6 Rxd2 28. e7 Kf7 29. Nf5 Re2 30. Kf3 Rxb2 31. a4 c4 32. Ke3 Rb3+ 33. Kd2
Rf3 34. e8=Q+ Kxe8 35. Nxg7+ Kf7 36. Nxh5 Rxf2+ 37. Kc3 Rxh2 38. Nf4 Ra2 39.
Kxc4 Rxa4+ 40. Kb3 Rxf4 41. gxf4 Kg6 42. Kc3 Kf5 0-1

[Event "Tournoi Skype 032B"]
[Site "Skype"]
[Date "????.??.??"]
[Round "4.2"]
[White "Parrales, Rodolfo"]
[Black "Guillaume, Mickael"]
[Result "1/2-1/2"]
[WhiteElo "1533"]
[BlackElo "1511"]
[PlyCount "63"]

1. e4 e5 2. Nf3 d6 3. d4 exd4 4. Nxd4 Nf6 5. Nc3 a6 6. a3 Bd7 7. Bf4 Nc6 8. Nf3
Be7 9. Bc4 Nh5 10. Be3 Be6 11. Bd3 Qd7 12. Nd4 Nf6 13. Qe2 Ne5 14. Nxe6 Qxe6
15. O-O O-O 16. Rfe1 c6 17. Bd4 Nxd3 18. Qxd3 Nd7 19. Ne2 Bg5 20. Qg3 Qg6 21.
Qh3 Qe6 22. Qg3 Bf6 23. Rad1 Be5 24. Nf4 Qc4 25. Bxe5 Nxe5 26. Rxd6 Qxc2 27.
Nh5 Ng6 28. Qc3 Qxc3 29. bxc3 f6 30. Rb1 Rab8 31. Ng3 Ne5 32. Nf5 1/2-1/2

[Event "Tournoi Skype 032B"]
[Site "Skype"]
[Date "????.??.??"]
[Round "4.3"]
[White "Barrera Mendoza, Carlos"]
[Black "Rosenkoetter, David"]
[Result "1-0"]
[WhiteElo "1521"]
[BlackElo "1505"]
[PlyCount "75"]

1. e4 c6 2. d4 d5 3. exd5 cxd5 4. Bd3 Nc6 5. c3 Nf6 6. Nf3 Bg4 7. O-O e6 8. Bf4
Bd6 9. Bxd6 Qxd6 10. Nbd2 O-O 11. Qb3 Qc7 12. Rfe1 Rfc8 13. Rac1 Na5 14. Qc2
Nc4 15. Bxc4 dxc4 16. Ne5 Bf5 17. Qd1 Rd8 18. Nexc4 Bd3 19. Ne5 Bc4 20. Ndxc4
Nd5 21. Nd2 Kh8 22. Qf3 f6 23. Ng4 Nf4 24. Nf1 Rf8 25. Qg3 e5 26. dxe5 fxe5 27.
Nxe5 Rae8 28. Nf3 Rxe1 29. Rxe1 Qc4 30. Nd4 Nd3 31. Qd6 Qf7 32. Re2 Nxf2 33.
Qg3 Ne4 34. Qf3 Nf6 35. a3 Qd7 36. Ng3 Qd6 37. Ngf5 Nd5 38. Nxd6 1-0

[Event "Tournoi Skype 032B"]
[Site "Skype"]
[Date "????.??.??"]
[Round "4.4"]
[White "Conde, Abigail"]
[Black "Roberts, Mario"]
[Result "1-0"]
[WhiteElo "1485"]
[BlackElo "1519"]
[PlyCount "63"]

1. d4 Nf6 2. Bf4 d5 3. e3 Bf5 4. Nd2 Ne4 5. Nxe4 Bxe4 6. f3 Bg6 7. Bb5+ c6 8.
Be2 Nd7 9. g4 e6 10. Qd2 h6 11. h4 Be7 12. O-O-O Bxh4 13. Bd6 Be7 14. Bg3 a5
15. Nh3 Bb4 16. c3 Be7 17. f4 Be4 18. Rh2 Nb6 19. f5 exf5 20. gxf5 Bxf5 21. Nf4
Bg5 22. Nh5 Rh7 23. Be5 f6 24. Bf4 g6 25. Rg1 Nc4 26. Bxc4 dxc4 27. Qe2 Rf7 28.
Ng3 Bd7 29. Qxc4 Qb6 30. Ne4 Kf8 31. Nd6 Bxf4 32. Qxf7# 1-0

[Event "Tournoi Skype 032B"]
[Site "Skype"]
[Date "????.??.??"]
[Round "4.5"]
[White "Gomez Caballero, Blas"]
[Black "Capanema, Gleber"]
[Result "0-1"]
[WhiteElo "1518"]
[BlackElo "1400"]
[PlyCount "110"]

1. d4 Nf6 2. Nc3 g6 3. Bf4 Bg7 4. Nb5 d6 5. f3 O-O 6. e4 e5 7. dxe5 Nh5 8. Be3
Bxe5 9. Nc3 Nc6 10. Bd3 Qf6 11. Qd2 Bxc3 12. bxc3 Nb4 13. a3 Nxd3+ 14. cxd3 Be6
15. Ne2 d5 16. Bg5 Qe5 17. d4 Qd6 18. g4 Ng7 19. e5 Qd7 20. h4 Ne8 21. Bh6 Ng7
22. h5 gxh5 23. Qg5 f6 24. Qxg7+ Qxg7 25. Bxg7 Kxg7 26. gxh5 fxe5 27. Rg1+ Kh6
28. dxe5 Rxf3 29. Nd4 Re3+ 30. Kd2 Rxe5 31. Nxe6 Rxe6 32. Rae1 Rxe1 33. Rxe1 d4
34. c4 c5 35. Re5 b6 36. a4 Rg8 37. Kc2 Rg5 38. Re7 Rg7 39. Re5 a5 40. Re6+
Kxh5 41. Rxb6 Rg2+ 42. Kb1 d3 43. Kc1 Rc2+ 44. Kd1 Rxc4 45. Rb5 Rxa4 46. Rxc5+
Kg4 47. Rc3 Rd4 48. Rc7 h5 49. Kd2 h4 50. Rg7+ Kf3 51. Rg1 h3 52. Ra1 h2 53.
Kc3 Rh4 54. Rxa5 h1=Q 55. Kxd3 Qd1+ 0-1

[Event "Tournoi Skype 032B"]
[Site "Skype"]
[Date "????.??.??"]
[Round "4.6"]
[White "Rivalta, Paolo"]
[Black "Codina, Teresa"]
[Result "1-0"]
[WhiteElo "1499"]
[BlackElo "1548"]
[PlyCount "83"]

1. e4 c5 2. Nf3 d6 3. Bc4 e6 4. Nc3 Nf6 5. O-O Be7 6. d4 cxd4 7. Nxd4 O-O 8. b4
a6 9. Bb2 Bd7 10. Re1 Nc6 11. Nf3 b5 12. Bb3 Nxb4 13. e5 dxe5 14. Nxe5 Be8 15.
Qd2 Qxd2 16. Red1 Qf4 17. Re1 Bd6 18. g3 Qf5 19. g4 Nxg4 20. Nxg4 Qxg4+ 21. Kf1
Bxh2 22. Re4 Qh4 23. Rxh4 Bd6 24. a3 Nc6 25. Ne4 Be7 26. Rg4 f6 27. Bxe6+ Kh8
28. Rg3 Rd8 29. Re1 Nd4 30. Bxd4 Rxd4 31. c3 Rd8 32. c4 bxc4 33. Bxc4 a5 34.
Rge3 f5 35. Nd2 Bf6 36. Nb3 a4 37. Na5 h5 38. Nb7 Rc8 39. Nd6 Rd8 40. Nxe8 Rc8
41. Bb5 Rcxe8 42. Bxe8 1-0

[Event "Tournoi Skype 032B"]
[Site "Skype"]
[Date "????.??.??"]
[Round "4.7"]
[White "Mfengu, Daluthando"]
[Black "Battaglia, Gabriele"]
[Result "1-0"]
[WhiteElo "1483"]
[BlackElo "1535"]
[PlyCount "29"]

1. e4 c5 2. Nf3 Nc6 3. d4 cxd4 4. c3 a6 5. cxd4 d6 6. d5 Na7 7. Bd3 e6 8. Nc3
Nf6 9. O-O Be7 10. a4 O-O 11. h3 Qa5 12. Be3 exd5 13. Nxd5 Nxd5 14. exd5 Qxd5
15. Bxh7+ 1-0

[Event "Tournoi Skype 032B"]
[Site "Skype"]
[Date "????.??.??"]
[Round "4.8"]
[White "Gomez Zuluaga, Jorge Adiel"]
[Black "Le Bouill, Pierre"]
[Result "0-1"]
[WhiteElo "1468"]
[BlackElo "1534"]
[PlyCount "90"]

1. d4 d5 2. e3 c6 3. c4 Nf6 4. Nc3 Bf5 5. cxd5 cxd5 6. Bd3 Bd7 7. Nge2 e6 8.
O-O Be7 9. e4 dxe4 10. Nxe4 Bc6 11. N4g3 O-O 12. Bf4 Nbd7 13. Qc2 Nb6 14. b3
Bd6 15. Be5 Be7 16. Bxf6 Bxf6 17. Rad1 g6 18. Qc3 Rc8 19. Qb2 Qd5 20. f3 Rcd8
21. Be4 Qd7 22. Bxc6 Qxc6 23. Nf5 exf5 24. g4 fxg4 25. fxg4 Qe4 26. Rxf6 Qxg4+
27. Ng3 Nd5 28. Rff1 Ne3 29. Qe2 Qg5 30. Qd2 f6 31. Rf3 Nxd1 32. Qxg5 fxg5 33.
Rd3 Nf2 34. Rd2 Ng4 35. d5 Ne5 36. Ne4 Nf3+ 37. Kg2 Nxd2 38. Nxd2 Rxd5 39. Ne4
Kg7 40. Nxg5 Rxg5+ 41. Kh3 Rf3+ 42. Kh4 h6 43. a4 Kf6 44. b4 Kf5 45. h3 Rf4#
0-1

[Event "Tournoi Skype 032B"]
[Site "Skype"]
[Date "????.??.??"]
[Round "4.9"]
[White "Khatanhar, Mohit"]
[Black "Solomon, Russel"]
[Result "1-0"]
[WhiteElo "1515"]
[BlackElo "1400"]
[PlyCount "59"]

1. e4 Nc6 2. d4 e6 3. Nf3 a6 4. Bd3 d5 5. exd5 exd5 6. c3 h6 7. O-O Be7 8. Re1
Nf6 9. Nbd2 O-O 10. Nf1 Bg4 11. h3 Be6 12. Be3 b5 13. a3 Rb8 14. b4 a5 15. Ng3
axb4 16. axb4 Ne4 17. Bxe4 dxe4 18. Nxe4 Bf5 19. Ng3 Bd6 20. Nxf5 Qf6 21. Nxd6
Qxd6 22. Qd2 Ne7 23. Bf4 Qf6 24. Bxc7 Rbe8 25. Be5 Qg6 26. Nh4 Qc6 27. Re3 Nd5
28. Rg3 g6 29. Qxh6 Nxc3 30. Qg7# 1-0

[Event "Tournoi Skype 032B"]
[Site "Skype"]
[Date "????.??.??"]
[Round "4.10"]
[White "Koohnavard, Neda"]
[Black "Martin Fernandez, Enrique"]
[Result "1/2-1/2"]
[WhiteElo "1481"]
[BlackElo "1513"]
[PlyCount "59"]

1. d4 f5 2. Nc3 d5 3. Bf4 e6 4. a3 Nf6 5. e3 c6 6. Bd3 Bd6 7. Bxd6 Qxd6 8. Nf3
O-O 9. O-O Bd7 10. Qe2 Be8 11. Qd2 Nbd7 12. Be2 Bh5 13. Ng5 Bxe2 14. Qxe2 Ng4
15. g3 Rf6 16. h3 Nh6 17. f4 Rg6 18. Kh2 Re8 19. Qh5 c5 20. Rad1 cxd4 21. Rxd4
Qb6 22. b3 Qa5 23. Nb1 Qd8 24. Rfd1 Nf6 25. Qf3 e5 26. Rb4 b6 27. c4 exf4 28.
gxf4 Qc7 29. Nc3 Rxg5 30. Nxd5 1/2-1/2

[Event "Tournoi Skype 032B"]
[Site "Skype"]
[Date "????.??.??"]
[Round "4.11"]
[White "Malbec, Robert"]
[Black "Pouteau, Pascal"]
[Result "1-0"]
[WhiteElo "1503"]
[BlackElo "1616"]
[PlyCount "85"]

1. d4 g6 2. e4 d6 3. Nc3 Bg7 4. Nf3 Bg4 5. Be3 Bh6 6. Bxh6 Nxh6 7. Be2 Nd7 8.
Qd2 Ng8 9. Qf4 Bxf3 10. Qxf3 e5 11. d5 Ngf6 12. Qh3 a6 13. Qh6 Qe7 14. g4 Nc5
15. f3 Rf8 16. g5 Nh5 17. Bc4 f5 18. exf5 Rxf5 19. Ne4 Nxe4 20. fxe4 Rxg5 21.
O-O-O Nf4 22. Qh4 O-O-O 23. Qf2 Kb8 24. a4 Rf8 25. Qd2 Rg2 26. Qe1 Qg5 27. Kb1
Nh3 28. Qb4 Ka7 29. Rhf1 Nf2 30. Rde1 Rxh2 31. Qa5 Qe7 32. b4 Qd8 33. b5 Qb8
34. Ka1 Ka8 35. Rb1 Qa7 36. Qxc7 Rb8 37. b6 Rc8 38. Qxc8+ Qb8 39. Qxb8+ Kxb8
40. Rbe1 Kc8 41. Re2 Ng4 42. Rxh2 Nxh2 43. Rh1 1-0

[Event "Tournoi Skype 032B"]
[Site "Skype"]
[Date "????.??.??"]
[Round "4.12"]
[White "Linares Vernet, Ana"]
[Black "Cockayne, Curtis"]
[Result "1-0"]
[WhiteElo "1485"]
[BlackElo "1615"]
[PlyCount "41"]

1. e4 e5 2. Nf3 Nc6 3. d4 d6 4. d5 Nce7 5. c4 Nf6 6. Nc3 Ng6 7. Bg5 Be7 8. Qa4+
Bd7 9. Qc2 h6 10. Bh4 Nxh4 11. Nxh4 O-O 12. g3 c6 13. Be2 Bh3 14. Rg1 Qb6 15.
Bf3 Bg4 16. a4 Bxf3 17. Nxf3 Qb4 18. Nd2 Ng4 19. Rg2 cxd5 20. Nxd5 Qc5 21.
Nxe7+ 1-0

[Event "Tournoi Skype 032B"]
[Site "Skype"]
[Date "????.??.??"]
[Round "4.13"]
[White "Munera Garcia, Lina Marcela"]
[Black "Moumtaz, Abderrahim"]
[Result "0-1"]
[WhiteElo "1478"]
[BlackElo "1598"]
[PlyCount "134"]

1. e4 e5 2. Nf3 Nc6 3. Bb5 a6 4. Ba4 Nf6 5. d3 b5 6. Bb3 d6 7. Nbd2 Be7 8. O-O
Na5 9. Re1 Nxb3 10. Nxb3 O-O 11. c3 Bg4 12. h3 Bh5 13. Qd2 h6 14. d4 Nd7 15.
Qc2 Re8 16. Bd2 Bf6 17. Rac1 c6 18. c4 Bxf3 19. gxf3 Rc8 20. c5 exd4 21. cxd6
Re5 22. Ba5 Qe7 23. dxe7 Bxe7 24. f4 Rh5 25. Qd3 c5 26. Qf3 Rh4 27. e5 Nf8 28.
Qb7 Re8 29. Qd7 Nxd7 30. e6 Nf6 31. Nxc5 Bxc5 32. Rxc5 Rxf4 33. exf7+ Kxf7 34.
Rc7+ Kg6 35. Bd2 Rxe1+ 36. Bxe1 Ne4 37. Rc6+ Kh7 38. Rxa6 d3 39. Rb6 d2 40.
Bxd2 Nxd2 41. Rxb5 Ne4 42. Rb4 g5 43. Rb7+ Kg6 44. a4 Rxf2 45. Rb4 Rf4 46. a5
Nd6 47. Rb6 Rf6 48. a6 Nc8 49. Rb8 Na7 50. b4 Rxa6 51. b5 Ra5 52. b6 Nc6 53.
Rc8 Ra1+ 54. Kg2 Rc1 55. b7 Rb1 56. Rxc6+ Kh5 57. Rc7 Rb2+ 58. Kg3 Rb3+ 59. Kg2
Kg6 60. Rc3 Rxb7 61. Rc6+ Kh5 62. Rc4 Rb2+ 63. Kg3 Rb3+ 64. Kg2 Rb6 65. Kg3
Rb3+ 66. Kg2 Re3 67. Kf2 Rxh3 0-1

[Event "Tournoi Skype 032B"]
[Site "Skype"]
[Date "????.??.??"]
[Round "4.14"]
[White "Scata, Laura"]
[Black "Nontsikelelo, Yvonne"]
[Result "0-1"]
[WhiteElo "1583"]
[BlackElo "1503"]
[PlyCount "42"]

1. d4 d5 2. Nf3 Nf6 3. e3 e6 4. Bd3 Be7 5. Nbd2 c5 6. b3 O-O 7. O-O cxd4 8.
exd4 b6 9. Bb2 Nc6 10. a3 Bb7 11. Re1 Qc7 12. Ne5 Nxe5 13. dxe5 Nd7 14. Qh5 h6
15. f4 Nc5 16. Be2 Ne4 17. Rad1 Qc5+ 18. Kh1 Nf2+ 19. Kg1 Nh3+ 20. Kh1 Qg1+ 21.
Rxg1 Nf2# 0-1

[Event "Tournoi Skype 032B"]
[Site "Skype"]
[Date "????.??.??"]
[Round "4.15"]
[White "Yepez, German"]
[Black "Prieto Umba, Jairo Ovidio"]
[Result "1-0"]
[WhiteElo "1476"]
[BlackElo "1582"]
[PlyCount "125"]

1. e4 e5 2. Nf3 Nc6 3. Nc3 Bc5 4. Nxe5 Qe7 5. Nf3 Nf6 6. d3 d6 7. Be2 O-O 8. h3
a6 9. O-O b5 10. a3 Bb7 11. Bg5 h6 12. Nd5 Qd8 13. Nxf6+ gxf6 14. Bxh6 Re8 15.
Bf4 Qd7 16. Qd2 Kf8 17. Nh4 Nd4 18. Bg4 Qc6 19. Bh6+ Ke7 20. Nf5+ Nxf5 21. Bxf5
d5 22. d4 Bb6 23. e5 Rg8 24. exf6+ Qxf6 25. Bg4 Bc8 26. Bxc8 Raxc8 27. c3 Kd7
28. Rae1 Qg6 29. f4 Rh8 30. f5 Qxh6 31. Qxh6 Rxh6 32. Re5 c6 33. Rfe1 Kd6 34.
Re7 Rf6 35. Rb7 Bc7 36. g4 Rh6 37. Kg2 a5 38. b3 Rch8 39. Re3 Rc8 40. g5 Rh5
41. Rg3 Kd7 42. Rg4 Re8 43. h4 Kc8 44. Ra7 Kb8 45. Rxc7 Kxc7 46. Kf3 Kd6 47. f6
Ke6 48. Kf4 Rc8 49. Kg3 c5 50. dxc5 Rxc5 51. c4 bxc4 52. bxc4 Rxc4 53. a4 Rxg4+
54. Kxg4 Rh8 55. h5 d4 56. h6 d3 57. Kf3 d2 58. Ke2 Rd8 59. Kd1 Kf5 60. h7 Kxg5
61. h8=Q Rxh8 62. Kxd2 Kxf6 63. Kd3 1-0